រុក្ខវប្បកម្ម២ silviculture II (Record no. 9046)

000 -LEADER
fixed length control field 00312nam a22001217a 4500
040 ## - CATALOGING SOURCE
Transcribing agency HS
082 ## - DEWEY DECIMAL CLASSIFICATION NUMBER
Classification number 577
100 ## - MAIN ENTRY--AUTHOR NAME
Personal name វន មុនិន្ទ
245 ## - TITLE STATEMENT
Title រុក្ខវប្បកម្ម២ silviculture II
260 ## - PUBLICATION, DISTRIBUTION, ETC. (IMPRINT)
Place of publication RUA
Name of publisher វន​ មុនិន្ទ
Year of publication 1998
300 ## - PHYSICAL DESCRIPTION
Number of Pages 131p;
942 ## - ADDED ENTRY ELEMENTS (KOHA)
Koha item type សៀវភៅភាសាខ្មែរ
952 ## - LOCATION AND ITEM INFORMATION (KOHA)
Withdrawn status [LOCAL, KOHA] 0
952 ## - LOCATION AND ITEM INFORMATION (KOHA)
Withdrawn status [LOCAL, KOHA] 0
952 ## - LOCATION AND ITEM INFORMATION (KOHA)
Withdrawn status [LOCAL, KOHA] 0
Holdings
Permanent Location Date acquired Koha item type Lost status Shelving location Barcode Current Location Full call number
Library Block C2016-08-23ADB C172RUA40866Library Block C577 វន 1998 C172
Library Block C2016-09-01សៀវភៅភាសាខ្មែរ C166RUA045178Library Block C577 VON 1997 C166
Library Block C2016-09-02ADB C175RUA061354Library Block C577 វន 1997 C175
មជ្ឈមណ្ឌលឯការនៃសាកលវិទ្យាល័យភូមិន្ទកសិកម្មចំការដូង

Powered by Koha